000 00438nam a2200181Ia 4500
005 20250603144441.0
008 250603s9999 xx 000 0 und d
020 _a9781032414072
050 _aP 87.5 .K59/
100 _aKizer, R.J.
245 0 _aADR and post-sync dialogue
260 _aNew York
260 _bRoutledge/Taylor & Francis Group
260 _c2024
300 _axvi, 277p. ill.
650 _aNew York
942 _cBK
999 _c38959
_d38959